Le clan Uchiwa - Statistiques

Statistiques générales
  • Ce quiz a été pris 132 fois
  • Le résultat moyen est 10 sur 28
Statistiques - réponses
Réponse % Correct
Sasuke
100%
Itachi
98%
Madara
97%
Shisui
90%
Obito
87%
Fugaku
72%
Sarada
63%
Izuna
53%
Mikoto
48%
Sakura
46%
Izumi
36%
Kagami
33%
Tajima
24%
Naori
18%
Rai
16%
Naka
12%
Tekka
12%
Baru
11%
Uruchi
11%
Yashiro
11%
Inabi
10%
Setsuna
9%
Teyaki
9%
Hikaku
8%
Kagen
7%
Taiko
7%
Yakumi
7%
Hazuki
6%
Aucun quiz correspondant
Distribution des résultats
% des personnes avec chaque résultat
Percentile par nombre de réponses
Votre historique - résultats
Vous n’avez pas pris ce quiz